000
00289nam a22001337a 4500
008
211019b ||||| |||| 00| 0 eng d
041
_a
eng
080
_a
159.9
082
_a
159.9
100
_a
49
101
_a
PSI
245
_a
Child and Adolescent Psychopathology
942
_2
udc
_c
BK
999
_c
58288
_d
58288